000 00577nam a2200217Ia 4500
005 20241129120212.0
008 241129s9999||||xx |||||||||||||| ||und||
020 _a9781647266554
037 _aTB
040 _aSDCL
_beng
_cSDCL
041 _aeng
_2eng
084 _aS:(P-:7), R3
_qSDCL
100 _aBell Henry
_9729412
245 0 _aPsychology of Written Composition
260 _aNew York
_bClanrye International
_c2023
300 _avi,250p.
365 _aUSD
_b155.95
650 _aPsychology
942 _cTB
_hS:(P-:7), R3
999 _c1233781
_d1233781